000 002640000a22000970004500
100 1 _aButler, Phill
245 1 0 _aStrategic evangelism partnerships and uniqueness of Christ
300 _aNúm 73 (1996), Páginas 20-21
773 0 _tWorld Evangelization
942 _cANA
999 _c57552
_d57552